| 000 | 00465nam a22001577a 4500 | ||
|---|---|---|---|
| 005 | 20251108164941.0 | ||
| 008 | 250721s1991 xx 000 0 ara d | ||
| 082 | 1 | 4 | _a812/فتح |
| 100 | 1 | _aفتحي، حسن | |
| 245 | 1 | 0 |
_aقصة مشربية : _bمسرحية ذات أربعة فصول / |
| 264 | 1 |
_aبيروت : _bشركة المطبوعات، _c1991. |
|
| 300 | _a86ص | ||
| 650 | 1 | 7 | _aالمسرحيات العربية |
| 942 |
_2ddc _cBK |
||
| 999 |
_c18206 _d18206 |
||